000 00667nam a2200229Ia 4500
003 OSt
005 20220926014149.0
006 a|||||r|||| 00| 0
007 ta
008 220923b |||||||| |||| 00| 0 eng d
037 _cGeneral Book
040 _aRTL
_cRTL
_beng
041 _2eng
_aeng
082 _aX:8D, L9
100 _aMathur Iqbal
_9129163
245 0 _aIntroduction to financial management
260 _aNew York
_bMacmillan USA
_c1979
300 _axx, 524p. Bibliography chapterwise, Appendix P 487-92, Glossary P 493-518
_ccm.
650 _aFinance
942 _hX:8D, L9
_cGB
_2CC
999 _c628093
_d628093